| 000 | 00357 a2200157 4500 | ||
|---|---|---|---|
| 001 | 70798 | ||
| 020 | _a8588933179 | ||
| 040 | _cAnchieta - Itaigara | ||
| 100 | _aWajnsztejn, Alessandra B. Caturani | ||
| 240 | 1 | 0 |
_aDificuldades escolares _lpor |
| 245 | 1 | 0 | _aDificuldades escolares |
| 300 | _a207 | ||
| 362 | 0 | _a2005 | |
| 650 | 4 | _aEducação | |
| 942 | _cBK | ||
| 999 |
_c70798 _d70798 |
||